Rinehart mathematical tables, formulas and curves

Zapisane w:
Opis bibliograficzny
1. autor: Larsen, Harold D (compilador)
Format: Książka
Język:angielski
Wydane: New York, USA Holt, Rinehart and Winston 1966
Hasła przedmiotowe:
Etykiety: Dodaj etykietę
Nie ma etykietki, Dołącz pierwszą etykiete!

MARC

LEADER 00000nam a22000007a 4500
003 CL-VaPUC
005 20210825104827.0
008 210629b ||||| |||| 00| 0 eng d
999 |c 433268  |d 433266 
040 |c Pontificia Universidad Católica de Valparaíso 
041 0 |a eng 
082 0 4 |a 510.212 LAR 1966 
100 1 |a Larsen, Harold D  |e compilador  |9 861956 
245 1 0 |a Rinehart mathematical tables, formulas and curves 
260 3 |a New York, USA  |b Holt, Rinehart and Winston  |c 1966 
300 |a 280 páginas 
500 |a Donación familia profesor Sergio Soto Silva. Escuela de Mecánica. 
583 |c 20210629  |k Daniel Castañeda 
650 0 0 |a Tablas matemáticas  |v Fórmulas  |x Logaritmos  |9 861957 
942 |2 ddc  |c BK 
952 |0 0  |1 0  |2 ddc  |4 0  |6 510_212000000000000_LAR_1966  |7 0  |9 578332  |a BIBMEC  |b BIBMEC  |d 2021-06-29  |i 5622476  |o 510.212 LAR 1966  |p 5622476  |r 2024-01-19  |t 1  |w 2021-06-29  |y BK  |k MEC